| 000 | 00496nam a2200169 a 4500 | ||
|---|---|---|---|
| 001 | 000031546 | ||
| 005 | 20200930063015.0 | ||
| 008 | 110627s1983 dr 000 0 spa d | ||
| 040 |
_aDO-SdBNP _bspa _cBNPHU |
||
| 082 |
_axxxx _bG633r |
||
| 100 | 1 |
_aGómez Sáchez, Juan Dario, _d1951- _957907 |
|
| 245 | 1 | 4 |
_aLas relaciones humanas / _cJuan Dario Gómez Sáchez. |
| 260 |
_aSanto Domingo : _b[s.n.], _c1983. |
||
| 300 |
_a104 p. ; _c21 cm. |
||
| 504 | _aBibliografía : p. 103-104 | ||
| 049 | _aBNPD | ||
| 999 |
_c31038 _d31038 |
||